| 000 | 00369nam a2200157Ia 4500 | ||
|---|---|---|---|
| 008 | 221030s9999 xx 000 0 und d | ||
| 020 | _a8129702738 | ||
| 041 | _aEnglish | ||
| 082 |
_a105.23 _bFle |
||
| 100 | _aC. B. Fleddermann | ||
| 245 | 0 | _aEngineering Ethics | |
| 260 |
_bPearson Education _aDelhi _c2004 |
||
| 300 | _a141 | ||
| 650 | _aManagement | ||
| 942 | _cBK | ||
| 999 |
_c1712 _d1712 |
||